Visualizzazione normale
Vista MARC
- Gelin Albert
di Personal Name
Records bibliografici associati: 1
001 - CONTROL NUMBER
- control field: 34751
003 - CONTROL NUMBER IDENTIFIER
- control field: IT-RoPau
005 - DATE AND TIME OF LATEST TRANSACTION
- control field: 20150603123851.0
008 - FIXED-LENGTH DATA ELEMENTS
- fixed length control field: 150603|| aca||aabn | a|a d
040 ## - CATALOGING SOURCE
- Original cataloging agency: IT-RoPau
- Transcribing agency: IT-RoPau
100 ## - HEADING--PERSONAL NAME
- Personal name: Gelin Albert
670 ## - SOURCE DATA FOUND
- Source citation: Work cat.: (IT-RoPau)17270: Gelin Albert, La Sainte Bible. (Pirot) T. III: Josué. T. XII Apocalypse.